000 00457nam a2200181Ia 4500
001 22249
005 20260414150818.0
008 260414t2018||||xx |||||||||||||| ||spa||
041 _aESP
082 _a621.3
_bE64
100 _aEnríquez Harper, Giberto
_eAUT
245 0 _aEl ABC de las instalaciones eléctricas industriales
_b
260 _c2018
300 _a518 páginas :
_c28 cm.
650 _aTCA
654 _aCET
942 _cLIB
_dJUS
_fJUS
_2ddc
_n
999 _c22249
_d22249